000 00809nam a2200241 a 4500
001 000027714
003 DO-SdBNP
005 20220518135553.0
008 110404s2005 sp 000 0 spa d
020 _a8429406239
040 _aDO-SdBNP
_bspa
_cBNPHU
082 4 _a468
_bD545p
_222
245 0 0 _aDiccionario panhispánico de dudas.
260 _aMadrid :
_bReal Academia Española,
_bAsociación de Academias de Lengua Española,
_c2005.
300 _axxxv, 842 p. ;
_c24 cm.
504 _aBibliografía : p. 771-828.
590 _aInventariado, 2022/BT
650 4 _aEspañol
_xErrores de uso
_vDiccionarios
_981635
710 2 _aReal Academia Española
_953734
710 2 _aAsociación de Academias de la Lengua Española.
_954790
910 _aValidado. Control de calidad MFF
942 _2ddc
_cLBS1
999 _c27206
_d27206